000 00759cam a22002293a 4500
001 33149
003 PGUSA
005 20140828083722.0
008 100713s2010||||xxu|||||s|||||000 p eng d
040 _aPGUSA
_beng
042 _adc
050 4 _aPR
100 1 _aParkerson, James
245 1 4 _aThe Independent Statesmen, and Liberal Landlord ;
_bor, a respectful tribute to T. W. Coke, M.P. for the County of Norfolk
_h[electronic resource] /
_cJames Parkerson
260 _bProject Gutenberg,
_c2010
506 _aPublic domain in the USA.
516 _aElectronic text
653 _aCoke, Thomas William, Earl of Leicester, 1752-1842 -- Poetry
830 0 _aProject Gutenberg
_v33149
856 4 0 _uhttp://www.gutenberg.org/ebooks/33149
942 _cEB
999 _c262404
_d262404